2. Bundesliga top scorer of every year - Statistics

General Stats
  • This quiz has been taken 24 times
  • The average score is 6 of 15
Answer Stats
Hint Answer % Correct
2021-22 Terodde
96%
2018-19 Terodde
96%
2016-17 Terodde
96%
2015-16 Terodde
96%
2022-23 Kleindienst
57%
2010-11 Petersen
30%
2020-21 Dursun
22%
2017-18 Ducksch
17%
2014-15 Hennings
17%
2019-20 Klos
13%
2011-12 Meier
13%
2012-13 Kumbela
4%
2013-14 Saglik
4%
2009-10 Thurk
4%
2008-09 Auer
0%
No matching quizzes found
Score Distribution
Percent of People with Each Score
Percentile by Number Answered
Your Score History
You have not taken this quiz